000 00662nam a2200217Ii 4500
003 JO-AjNU
008 230606s9999||||xx |||||||||||||| ||und||
020 _a978-1-4496-8894-3
040 _aJO-AjNU
_beng
_erda
_cJO-AjNU
041 _aeng
050 1 4 _aTH9145.B66 2015
100 3 _aCorbett, Glenn/francis,
_eauthor
_94841
245 0 0 _aBrannigans Building Construcation for the fire Service
250 _a5 ed
264 3 1 _aJones learning ,2015
300 _a479p
336 _atext
_btxt
_2rdacontent
337 _aunmediated
_bn
_2rdamedia
338 _avolume
_bnc
_2rdacarrier
650 4 _aBrannigans Building Construcation for the fire Service
_94842
999 _aE2506
_c2504
_d2504